Πρακτικός οδηγός για ένα σύγχρονο διαιτολογικό γραφείο

Αποθηκεύτηκε σε:
Λεπτομέρειες βιβλιογραφικής εγγραφής
Κύριος συγγραφέας: Βαραγιάννης, Παναγιώτης (Συγγραφέας)
Μορφή: Βιβλίο
Γλώσσα:Greek
Δημοσίευση: Λευκωσία : medNutrition, 2013.
Σειρά:medNutrition experts
Θέματα:
Ετικέτες: Προσθήκη ετικέτας
Δεν υπάρχουν, Καταχωρήστε ετικέτα πρώτοι!

MARC

LEADER 00000cam a2200000 a 4500
001 1/119275
008 190621s2013####cy | ||| |||| ||gre||
020 |a 9789963987160  |q (χαρτόδετο) 
040 |a GR-MyUa  |b gre  |c GR-MyUa  |e AACR2 
041 0 |a gre 
082 7 |a 613.2023  |2 (23) 
100 1 |a Βαραγιάννης, Παναγιώτης,  |e aut 
245 1 0 |a Πρακτικός οδηγός για ένα σύγχρονο διαιτολογικό γραφείο /   |c Παναγιώτης Βαραγιάννης. 
260 |a Λευκωσία :   |b medNutrition,   |c 2013. 
300 |a 145 σ. :   |b εικ. ;   |c 23 εκ. 
490 1 |a medNutrition experts 
504 |a Περιλαμβάνει βιβλιογραφία (σ. 144-145).  
650 0 |a Dietetics  |v Vocational guidance. 
650 0 |a Dietetics  |x Practice. 
830 0 |a medNutrition experts 
852 |a INST  |b LEMNOS  |e 20190621  |h 613.2023 ΒΑΡ  |p 005600002243  |q 005600002243  |t BK  |y 0 
852 |a INST  |b LEMNOS  |e 20190621  |h 613.2023 ΒΑΡ  |p 005600002244  |q 005600002244  |t BK  |y 0 
970 |a Ξενιτοπούλου   |b Κωνσταντία  |z 21/06/2019